| 000 | 00921nam a2200325 a 4500 | ||
|---|---|---|---|
| 001 | 000110148 | ||
| 003 | CHAP | ||
| 005 | 20230525092709.0 | ||
| 008 | 140728s2008 mx | |r| |||1|||spa|d | ||
| 010 | _a106610 | ||
| 011 | _a107582 | ||
| 020 | _a9788448151683 | ||
| 035 | _a107269 | ||
| 040 | _cCHAP | ||
| 082 | 0 | 4 |
_a581.1 _bA9 2008 |
| 100 | 0 | 0 |
_aAzcón-Bieto, Joaquin. _99103 |
| 245 | 1 | 0 |
_aFundamentos de fisiología vegetal / _c/por Joaquín Azcón-Bieto y Manuel Talón. |
| 250 | _a2 ed. | ||
| 260 | 3 |
_aMadrid : _bMcGraw-Hill, _c2008. |
|
| 300 |
_a651 p. : _bil. |
||
| 590 |
_aBATCH-UPD _b10 _c20180720 _lUCH01 _h1440 |
||
| 590 |
_aE11695DGD _b10 _c20140925 _lUCH01 _h1346 |
||
| 590 |
_aE792CSJ _b05 _c20140728 _lUCH01 _h0853 |
||
| 590 |
_aE792CSJ _b05 _c20140728 _lUCH01 _h0942 |
||
| 650 | 1 | 4 |
_aFisiología vegetal. _941136 |
| 700 | 0 |
_aTalón, Manuel. _9111497 |
|
| 901 | _aBK | ||
| 942 | _cLIBRO | ||
| 942 | _n0 | ||
| 999 |
_c106610 _d106610 |
||